Circuit theory /

Enregistré dans:
Détails bibliographiques
Auteur principal: Gonda, Paul (Auteur)
Format: Livre
Langue:anglais
Publié: Bratislava : STU v Bratislave, 1992
Édition:2.ed.
Sujets:
Tags: Ajouter un tag
Pas de tags, Soyez le premier à ajouter un tag!

MARC

LEADER 00000nam a22000003a 4500
001 stu2493
005 20150617225619.3
008 921016s1992----cs------------------eng-d
040 |a STU  |b slo 
041 0 |a eng 
044 |a cs 
080 |a 621.372.049.7  |7 stu_us_auth*stu7854 
080 |a 621.382.049.7(075.8) 
100 1 |a Gonda, Paul  |4 aut 
245 1 |a Circuit theory /  |c [aut.] Gonda,Paul 
250 |a 2.ed. 
260 |a Bratislava :  |b STU v Bratislave,  |c 1992 
300 |a 265 s :  |b príl 
650 7 |a teória obvodov  |2 stusub 
650 7 |a elektronické obvody  |2 stusub 
650 7 |a elektrické obvody  |2 stusub 
996 |b E77077  |c E*77077  |l EE03  |s P  |a 0  |w stu2493_0001 
996 |b E77393  |c E*77393  |l EE01  |s A  |a 24  |w stu2493_0002